| 000 | 00684cam a2200253 4500 | ||
|---|---|---|---|
| 008 | 000000n2000 000 0 eng u | ||
| 020 | _a1873394225 | ||
| 035 | _a(Sirsi) u104453 | ||
| 050 | _a693.1 | ||
| 100 |
_aChapman, Sasha _xeditor |
||
| 245 | 4 | _aThe English Heritage directory of building sand and aggregates. | |
| 260 |
_aDorset _bDonhead _c2000 |
||
| 300 | _ax, 112p. ; 30cm. | ||
| 350 | _a30.00 | ||
| 520 | _aIncludes a colour mortar chart | ||
| 650 | _aSAND | ||
| 650 | _aAGGREGATES | ||
| 650 | _aMORTAR | ||
| 650 | _aBRICKWORK | ||
| 650 | _aCONSERVATION | ||
| 690 | _aBUILT ENVIRONMENT-BUILDING MATERIALS | ||
| 700 |
_aFidler, John _xeditor |
||
| 942 | _n0 | ||
| 999 |
_c100257 _d100257 |
||